| 000 | 00368cam a22001337a 4500 | ||
|---|---|---|---|
| 008 | 180718b1960 xxu||||| |||| 00| 0 eng d | ||
| 082 | _aB12 M299 | ||
| 100 | _aMalthus, Thomas Robert | ||
| 245 |
_aPopulation: the first essay _cby Thomas Robert Malthus |
||
| 260 |
_aAnn Arbor _bUniv. fo Mich. Press _c1960 |
||
| 300 | _a139p. | ||
| 500 | _a$1.75 | ||
| 650 | _aPopulation | ||
| 999 |
_c372826 _d372826 |
||